000 00441nam a22001817a 4500
005 20180719144101.0
008 160530b xxu||||| |||| 00| 0 eng d
020 _a81-7758-105-8
041 _aeng
082 _b6028
_a658.155
100 _aRejda, George E
_91503
245 _aPrinciples of Risk Management and Insurance
250 _a9th ed.
260 _bPearsons
_c2007
300 _a753p,
650 _aManagement
_9241
942 _cBK
999 _c2126
_d2125